000 00253nam a22001097a 4500
008 160622b xxu||||| |||| 00| 0 eng d
100 _9463
_aEmerson, R, W
245 _aEmerson's Essays
260 _aNEW YORK
300 _aEmerson, R, W
942 _2ddc
_cBK
999 _c384
_d384